[Event "Niederbayernliga 1213"]
[Site "Bayern"]
[Date "2013.??.??"]
[Round "6"]
[White "Demmer, Joachim"]
[Black "Yazici, Arda"]
[Result "1-0"]
[WhiteElo "1815"]
[BlackElo "1775"]
[PlyCount "61"]
[EventDate "2012.10.14"]
[EventType "team-tourn"]
[EventRounds "9"]
[EventCountry "GER"]
[SourceTitle "EXT 2023"]
[Source "ChessBase"]
[SourceDate "2022.10.05"]
[SourceVersion "1"]
[SourceVersionDate "2022.10.05"]
[SourceQuality "1"]
[WhiteTeam "Geiselhoering"]
[BlackTeam "Regen/Viechtach"]
[WhiteTeamCountry "GER"]
[BlackTeamCountry "GER"]

1. d4 Nf6 2. c4 e6 3. Nf3 d5 4. Nc3 Be7 5. Bf4 c6 6. e3 0-0 7. h3 Nbd7 8. Bd3 dxc4 9. Bxc4 Nd5 10. Bg3 Qa5 11. Qb3 N7f6 12. 0-0 Nxc3 13. bxc3 Ne4 14. Rac1 Nxg3 15. fxg3 Qc7 16. g4 b5 17. Bd3 Qg3 18. Rce1 Bd6 19. Qc2 g6 20. e4 f6 21. Re2 Bb7 22. e5 fxe5 23. Bxg6 exd4 24. Bxh7+ Kh8 25. cxd4 c5 26. Be4 Bxe4 27. Qxe4 cxd4 28. Qxd4+ Kg8 29. Rxe6 Bc7 30. Rg6+ Kf7 31. Ne5+ 1-0

[Event "Niederbayernliga 0809"]
[Site "Germany"]
[Date "2009.03.15"]
[Round "8.4"]
[White "Demmer, Joachim"]
[Black "Putz, Ernst"]
[Result "1-0"]
[WhiteElo "1883"]
[BlackElo "1843"]
[PlyCount "65"]
[EventDate "2008.10.05"]
[EventType "tourn"]
[EventRounds "9"]
[EventCountry "GER"]
[SourceTitle "EXT 2010"]
[Source "ChessBase"]
[SourceDate "2010.11.25"]
[SourceVersion "1"]
[SourceVersionDate "2010.11.25"]
[SourceQuality "1"]
[WhiteTeam "Geiselhoering"]
[BlackTeam "Simbach"]
[WhiteTeamCountry "GER"]
[BlackTeamCountry "GER"]

1. Nf3 d5 2. d4 Bf5 3. c4 e6 4. Nc3 Nf6 5. Bg5 Be7 6. Qb3 Nbd7 7. Bxf6 Nxf6 8. cxd5 0-0 9. Nh4 Bg4 10. h3 Bh5 11. dxe6 fxe6 12. Nf5 Bf7 13. Nxe7+ Qxe7 14. e4 c5 15. dxc5 Qxc5 16. Bc4 Qe5 17. 0-0 a6 18. f4 Qd4+ 19. Kh2 Nxe4 20. Nxe4 Qxe4 21. Rae1 Qc6 22. Bxe6 Rae8 23. Bxf7+ Rxf7 24. Re5 Kf8 25. Qb4+ Kg8 26. Rxe8+ Qxe8 27. Re1 Qb8 28. Re5 Qc8 29. Qe4 Rf8 30. a4 Qc1 31. Re8 Qc5 32. Qe6+ Kh8 33. Qf7 1-0

[Event "Niederbayernliga 0809"]
[Site "Germany"]
[Date "2009.02.01"]
[Round "6.4"]
[White "Demmer, Joachim"]
[Black "Senff, Rudolf"]
[Result "1-0"]
[WhiteElo "1883"]
[BlackElo "1750"]
[PlyCount "59"]
[EventDate "2008.10.05"]
[EventType "tourn"]
[EventRounds "9"]
[EventCountry "GER"]
[SourceTitle "EXT 2010"]
[Source "ChessBase"]
[SourceDate "2010.11.25"]
[SourceVersion "1"]
[SourceVersionDate "2010.11.25"]
[SourceQuality "1"]
[WhiteTeam "Geiselhoering"]
[BlackTeam "Adlkofen"]
[WhiteTeamCountry "GER"]
[BlackTeamCountry "GER"]

1. Nf3 Nf6 2. d4 g6 3. c4 Bg7 4. Nc3 0-0 5. e4 d6 6. Be2 e5 7. 0-0 Nc6 8. d5 Ne7 9. Ne1 Nd7 10. Be3 f5 11. f3 f4 12. Bf2 a5 13. Nd3 Rf7 14. Rc1 Bf8 15. Nb5 Nf6 16. c5 g5 17. cxd6 cxd6 18. Nc7 Bd7 19. Nxa8 Qxa8 20. Qb3 h5 21. Rc7 b5 22. Ra7 Qb8 23. Rc1 g4 24. Rcc7 Ng6 25. Rab7 Qe8 26. Ne1 Be7 27. Bxb5 Bd8 28. Bxd7 Rxd7 29. Rxd7 Nxd7 30. Qb5 1-0

[Event "Niederbayernliga 0708"]
[Site "Germany"]
[Date "2007.11.25"]
[Round "3.3"]
[White "Demmer, Joachim"]
[Black "Fruehauf, Norbert"]
[Result "1-0"]
[WhiteElo "1847"]
[BlackElo "1960"]
[PlyCount "103"]
[EventDate "2007.10.21"]
[EventType "team-tourn"]
[EventRounds "9"]
[EventCountry "GER"]
[SourceTitle "EXT 2009"]
[Source "ChessBase"]
[SourceDate "2008.11.26"]
[SourceVersion "1"]
[SourceVersionDate "2008.11.26"]
[SourceQuality "1"]
[WhiteTeam "Geiselhoering"]
[BlackTeam "Simbach"]
[WhiteTeamCountry "GER"]
[BlackTeamCountry "GER"]

1. Nf3 Nf6 2. c4 g6 3. g3 Bg7 4. Bg2 d6 5. Nc3 e5 6. 0-0 0-0 7. d3 Nc6 8. Rb1 a5 9. a3 Re8 10. Ne1 Bf5 11. e4 Bg4 12. f3 Bd7 13. Nc2 Qc8 14. Nd5 Ne7 15. Be3 Nfxd5 16. cxd5 c5 17. dxc6 bxc6 18. d4 Qc7 19. Qd2 Reb8 20. b4 Be6 21. dxe5 dxe5 22. Rfc1 Bf8 23. Bc5 f6 24. Qc3 Bh6 25. Rd1 Nc8 26. Bf1 Bf8 27. Bxf8 Kxf8 28. Qc5+ Ne7 29. Rd6 Kf7 30. Bc4 Qxd6 31. Qxd6 Bxc4 32. Ne3 Be6 33. Rb2 Rb7 34. g4 h6 35. h4 axb4 36. axb4 Ra3 37. Kf2 Rd7 38. Qc5 Rdd3 39. Re2 Rac3 40. Qa7 f5 41. gxf5 gxf5 42. exf5 Bxf5 43. Qc7 Kf6 44. Ng4+ Bxg4 45. Qxe5+ Kg6 46. fxg4 Rf3+ 47. Ke1 Nd5 48. Qe8+ Kg7 49. h5 Nf4 50. Qe5+ Kg8 51. Qe8+ Kg7 52. Qd7+ 1-0

[Event "Regionalliga SO 0607"]
[Site "Bayern"]
[Date "2007.03.18"]
[Round "7.4"]
[White "Moser, Wolfgang"]
[Black "Demmer, Joachim"]
[Result "1-0"]
[WhiteElo "2039"]
[BlackElo "1850"]
[PlyCount "159"]
[EventDate "2006.10.15"]
[EventType "team-tourn"]
[EventRounds "9"]
[EventCountry "GER"]
[SourceTitle "EXT 2008"]
[Source "ChessBase"]
[SourceDate "2007.11.25"]
[SourceVersion "1"]
[SourceVersionDate "2007.11.25"]
[SourceQuality "1"]
[WhiteTeam "Trostberg"]
[BlackTeam "Straubing"]
[WhiteTeamCountry "GER"]
[BlackTeamCountry "GER"]

1. d4 d5 2. c4 c6 3. Nc3 Nf6 4. Nf3 e6 5. e3 Nbd7 6. Bd3 dxc4 7. Bxc4 b5 8. Be2 Bb7 9. a3 a6 10. 0-0 c5 11. b3 cxd4 12. Nxd4 Rc8 13. Bb2 Bc5 14. Rc1 Qb6 15. Nb1 0-0 16. Bf3 Rfd8 17. Bxb7 Qxb7 18. Qe2 Nb6 19. Nd2 Nbd5 20. Qf3 Qb6 21. b4 Bd6 22. N2b3 Be5 23. Nc5 Re8 24. Rc2 a5 25. bxa5 Qxa5 26. Ncb3 Qb6 27. Rfc1 Rxc2 28. Rxc2 b4 29. Qd1 bxa3 30. Bxa3 Qa6 31. Qc1 h6 32. Nc6 Bb8 33. Nbd4 e5 34. Nf5 Qd3 35. Nfe7+ Nxe7 36. Nxe7+ Kh7 37. g3 Ne4 38. h4 Ba7 39. Nc6 Nxg3 40. Nxa7 Ne2+ 41. Rxe2 Qxe2 42. Qb1+ e4 43. Bd6 Qg4+ 44. Kf1 Qxh4 45. Qb5 Re6 46. Qf5+ Kg8 47. Nc8 Qd8 48. Qc5 Qd7 49. Ne7+ Kh8 50. Qc8+ Qxc8 51. Nxc8 g6 52. Bc5 Kg7 53. Bd4+ Kf8 54. Nb6 Ke8 55. Nd5 Kd7 56. Kg2 f5 57. Nf4 Rc6 58. Kg3 Ke7 59. Nd5+ Kf7 60. Nb4 Rd6 61. Kf4 Ke6 62. Bg7 g5+ 63. Kg3 Kf7 64. Be5 Rd1 65. Nc6 h5 66. Nd4 h4+ 67. Kg2 Kg6 68. Nc6 Rd7 69. Bd4 Kh5 70. Ne5 Rd5 71. Nc6 f4 72. Ne7 f3+ 73. Kh2 Rd8 74. Nf5 Rd7 75. Ng7+ Kg6 76. Ne6 Kf5 77. Ng7+ Kg4 78. Ne6 h3 79. Nc5 Kf5 80. Nxd7 1-0

[Event "Regionalliga SO 0607"]
[Site "Bayern"]
[Date "2006.12.10"]
[Round "4.6"]
[White "Demmer, Joachim"]
[Black "Schneider, Roland"]
[Result "1/2-1/2"]
[WhiteElo "1832"]
[BlackElo "2040"]
[PlyCount "119"]
[EventDate "2006.10.15"]
[EventType "team-tourn"]
[EventRounds "9"]
[EventCountry "GER"]
[SourceTitle "EXT 2008"]
[Source "ChessBase"]
[SourceDate "2007.11.25"]
[SourceVersion "1"]
[SourceVersionDate "2007.11.25"]
[SourceQuality "1"]
[WhiteTeam "Straubing"]
[BlackTeam "Passau II"]
[WhiteTeamCountry "GER"]
[BlackTeamCountry "GER"]

1. Nf3 c5 2. c4 Nf6 3. Nc3 d5 4. cxd5 Nxd5 5. g3 Nc6 6. Bg2 Nc7 7. 0-0 e5 8. d3 Be7 9. a3 0-0 10. Be3 Rb8 11. Rc1 b6 12. b4 cxb4 13. axb4 Nxb4 14. Nxe5 Bb7 15. Qa4 Bxg2 16. Kxg2 Ra8 17. Nc6 Nxc6 18. Qxc6 Ne6 19. Nd5 Bc5 20. Bxc5 Nxc5 21. Ne3 Nb3 22. Rc3 Nd4 23. Qe4 f5 24. Qe5 Re8 25. Qc7 Nxe2 26. Qxd8 Rexd8 27. Rc7 Nd4 28. Ra1 f4 29. gxf4 a5 30. f5 b5 31. f6 gxf6 32. Ng4 Ra6 33. Nh6+ Kf8 34. Rac1 Rad6 35. Rf7+ Ke8 36. Rcc7 R6d7 37. Rxh7 Rxh7 38. Rxh7 a4 39. Ra7 Rb8 40. Ng4 Rb6 41. Ne3 Rd6 42. h4 f5 43. Kg3 Ne2+ 44. Kf3 Nc3 45. Nxf5 Rxd3+ 46. Kf4 b4 47. Ng7+ Kd8 48. Ne6+ Kc8 49. Nc5 Rd4+ 50. Ke3 Rxh4 51. Nxa4 Nd5+ 52. Kf3 b3 53. Nb2 Rf4+ 54. Kg3 Rb4 55. Ra5 Nb6 56. f4 Kc7 57. Kg4 Kd6 58. Kg5 Nc4 59. Nxc4+ Rxc4 60. Ra1 1/2-1/2

[Event "Niederbayernliga 0506"]
[Site "Germany"]
[Date "2006.??.??"]
[Round "5"]
[White "Putz, Ernst"]
[Black "Demmer, Joachim"]
[Result "1-0"]
[WhiteElo "1876"]
[BlackElo "1816"]
[PlyCount "71"]
[EventDate "2005.??.??"]
[EventType "team-tourn"]
[EventRounds "9"]
[EventCountry "GER"]
[SourceTitle "EXT 2008"]
[Source "ChessBase"]
[SourceDate "2007.11.25"]
[SourceVersion "1"]
[SourceVersionDate "2007.11.25"]
[SourceQuality "1"]
[WhiteTeam "Simbach"]
[BlackTeam "Geiselhoering"]
[WhiteTeamCountry "GER"]
[BlackTeamCountry "GER"]

1. e4 c6 2. d4 d5 3. e5 Bf5 4. Bd3 Bxd3 5. Qxd3 e6 6. f4 Ne7 7. Nf3 Nd7 8. Nc3 h5 9. Bd2 Nf5 10. Ne2 h4 11. 0-0-0 Be7 12. g4 hxg3 13. hxg3 Rxh1 14. Rxh1 Nf8 15. Rh8 Kd7 16. Ng5 Bxg5 17. fxg5 Qc7 18. Bb4 Ne7 19. Qf3 Ke8 20. Qh5 Neg6 21. Rg8 c5 22. Bxc5 b6 23. Bd6 Qc4 24. b3 Qa6 25. Kb2 Rc8 26. Nf4 Kd7 27. Bxf8 Rxc2+ 28. Kxc2 Qxa2+ 29. Kc3 Qa1+ 30. Kd3 Qb1+ 31. Ke3 Qe4+ 32. Kd2 Qxd4+ 33. Nd3 Nxe5 34. Qe2 Nc6 35. Bxg7 Qg1 36. Ne5+ 1-0